Vālmīki Rāmāyaṇa. (Record no. 56705)

MARC details
000 -LEADER
fixed length control field 00703cam a22002531 4500
001 - CONTROL NUMBER
control field sa 64001342
003 - CONTROL NUMBER IDENTIFIER
control field DLC
005 - DATE AND TIME OF LATEST TRANSACTION
control field 20260227112002.0
008 - FIXED-LENGTH DATA ELEMENTS--GENERAL INFORMATION
fixed length control field 891114s1963 ii b 000 0 hino
010 ## - LIBRARY OF CONGRESS CONTROL NUMBER
LC control number sa 64001342
035 ## - SYSTEM CONTROL NUMBER
System control number (OCoLC)20646655
040 ## - CATALOGING SOURCE
Original cataloging agency DLC
Transcribing agency WaU
Modifying agency DLC
042 ## - AUTHENTICATION CODE
Authentication code premarc
050 00 - LIBRARY OF CONGRESS CALL NUMBER
Classification number PK3659
Item number .M5
100 1# - MAIN ENTRY--PERSONAL NAME
Personal name Miśra, Vidyā.
245 10 - TITLE STATEMENT
Title Vālmīki Rāmāyaṇa.
260 ## - PUBLICATION, DISTRIBUTION, ETC.
Date of publication, distribution, etc. [1963]
300 ## - PHYSICAL DESCRIPTION
Extent 5, 4, 631 p.
Dimensions 26 cm.
440 #0 - SERIES STATEMENT/ADDED ENTRY--TITLE
Title Seṭha Bholārāma Sekasariyā smāraka granthamālā,
Volume/sequential designation 15
500 ## - GENERAL NOTE
General note In Hindi.
504 ## - BIBLIOGRAPHY, ETC. NOTE
Bibliography, etc. note Bibliographical footnotes.
600 00 - SUBJECT ADDED ENTRY--PERSONAL NAME
Personal name Vālmīki.
Title of a work Rāmāyaṇa.
600 00 - SUBJECT ADDED ENTRY--PERSONAL NAME
Personal name Tulasīdāsa,
Dates associated with a name 1532-1623.
Title of a work Rāmacaritamānasa.

No items available.

Powered by Koha